000 00279nam a2200109Ia 4500
005 20251222114355.0
008 251222s1900||||xx |||||||||||||| ||spa||
082 _aDVD0010/K96/2003
245 0 _aHelena de Troya: El deseo es la guerra
264 _bFuel Entertainment
942 _cDVD
999 _c1393
_d1393